| 000 | 00862nam a22001697a 4500 | ||
|---|---|---|---|
| 999 |
_c61526 _d61526 |
||
| 005 | 20240321155117.0 | ||
| 008 | 240321c2021 ge ||||| |||| 00| 0 geo d | ||
| 022 | _a1987-9717 | ||
| 041 | _ageo | ||
| 245 |
_aანეული : _bლიტერატურული ჟურნალი / _cკულტურულ - საგანმანათლებლო საზოგადოება "ანეული" ; მთავარი რედაქტორი თამარ შაიშმელაშვილი. |
||
| 260 |
_aთბილისი, _c2021. |
||
| 300 | _aV. | ||
| 653 | _a ლიტერატურული ჟურნალი | ||
| 653 | _aპერიოდიკა | ||
| 700 |
_aშაიშმელაშვილი, თამარ _eმთავარი რედაქტორი _921527 |
||
| 942 |
_2udc _cCR |
||